LEADER 00434nam 2200181z- 450 001 9910842091203321 005 20251116151248.0 035 $a(CKB)5840000000455285 035 $a(EXLCZ)995840000000455285 100 $a20240313c2024uuuu -u- - 101 0 $aeng 200 10$aSocial Media 210 $cIntechOpen 311 08$a1-83768-040-X 906 $aBOOK 912 $a9910842091203321 996 $aSocial media$91507660 997 $aUNINA